Ils sont nés un 17 août - Statistiques

Statistiques générales
  • Ce quiz a été pris 40 fois
  • Le résultat moyen est 4 sur 9
Statistiques - réponses
Réponse % Correct
Thierry Henry
75%
Robert De Niro
61%
Stephan Eicher
61%
Davy Crockett
56%
Sean Penn
44%
Jean Poiret
42%
Guillermo Vilas
33%
Jim Courier
31%
Allain Bougrain-Dubourg
25%
Aucun quiz correspondant
Distribution des résultats
% des personnes avec chaque résultat
Percentile par nombre de réponses
Votre historique - résultats
Vous n’avez pas pris ce quiz